Sports Quiz

Random Sports or WWE Quiz

WWE Championship Quiz Stats

 Plays Quiz not verified by Sporcle

Support Sporcle.
Go Orange.
Score 0/53 Timer 15:00
0 Plays Today
% Correct
Bobby Lashley
100%
John Cena
91%
Undertaker
87.7%
Hulk Hogan
87.1%
Triple H
86.5%
The Rock
85.2%
Kofi Kingston
84.6%
Shawn Michaels
83.9%
Kane
83.9%
Stone Cold Steve Austin
83.2%
Randy Orton
82.6%
CM Punk
80.6%
Bret Hart
79.4%
AJ Styles
79.3%
Ultimate Warrior
78.7%
Ric Flair
78.7%
Roman Reigns
78.2%
Andre The Giant
78.1%
Edge
78.1%
Seth Rollins
77.5%
Randy Savage
77.4%
Big Show
77.4%
Miz
77.4%
Dean Ambrose
76.4%
Diesel
76.1%
Buddy Rogers
75.5%
Kurt Angle
75.5%
% Correct
Brock Lesnar
75.5%
Rey Mysterio
74.8%
Bruno Sammartino
74.2%
Batista
74.2%
Mankind
73.5%
Eddie Guerrero
73.5%
Yokozuna
72.9%
Chris Jericho
72.3%
Sheamus
72.3%
Alberto Del Rio
72.3%
Daniel Bryan
71%
Vince McMahon
70.3%
Jinder Mahal
69.1%
JBL
68.4%
Pedro Morales
67.1%
Bob Backlund
67.1%
Rob Van Dam
67.1%
Jeff Hardy
67.1%
Drew McIntyre
66.7%
Bray Wyatt
65.9%
Sgt. Slaughter
65.8%
Sycho Sid
63.9%
Iron Sheik
62.6%
Ivan Koloff
60%
Superstar Billy Graham
58.7%
Stan Stasiak
56.1%

You're not logged in!

Compare scores with friends on all Sporcle quizzes.
OR
Log In

From the Vault

Most Common Latin Words

by AdamBishop

For a dead language, Latin certainly sticks around.
Remove Ads.
Support Sporcle.
Get the best of Sporcle when you Go Orange. This ad-free experience offers more features, more stats, and more fun while also helping to support Sporcle. Thank you for becoming a member.

Show Comments

Extras

Created Mar 1, 2012ReportNominate
Tags:WWE Quiz, Championship

Top Quizzes Today


Score Distribution

Your Account Isn't Verified!

In order to create a playlist on Sporcle, you need to verify the email address you used during registration. Go to your Sporcle Settings to finish the process.

Report this User

Report this user for behavior that violates our Community Guidelines.

Details: